| 000 | 01665nam a2200457 a 4500 | ||
|---|---|---|---|
| 001 | 20277 | ||
| 003 | VRT | ||
| 005 | 20260120143745.0 | ||
| 008 | 250414s1990 xo 0 slo | ||
| 015 | _aSNBA1990/08 | ||
| 020 | _a8007000240 | ||
| 035 | _aSNK000004683 | ||
| 039 | 9 |
_a202504141345 _bVLOAD _c202408042126 _dAUTHORITY _c202408042117 _dAUTHORITY _c202408042109 _dAUTHORITY |
|
| 040 |
_aSNK _bslo _cSNK _eAACR2 |
||
| 041 | 0 | _aslo | |
| 044 |
_axo _cSK |
||
| 080 |
_a634(035) _21981 |
||
| 100 | 1 |
_aHričovský, Ivan, _d1932-2024 _4aut |
|
| 245 | 1 | 0 |
_aPraktické ovocinárstvo _cIvan Hričovský ; Oto Kolembus, Ľubica Krajčovičová, Tibor Roháčik, Igor Imro, Andrej Hurňák, A. Dvořák, B. Klimpl, Dušan Kováč, M. Richter, J. Sus |
| 250 | _a1. vyd. | ||
| 260 |
_aBratislava _bPríroda _c1990 _eTrnava _fPolygrafické závody |
||
| 300 |
_a667 s., 45,25 AH _bTb. Sch. _c24 cm |
||
| 366 | _e20000 výtl. | ||
| 500 | _aLit. 125. Reg. 125 zázn. v slov., češ., ruš., angl. a nem. | ||
| 700 | 1 |
_aKolembus, Oto _4trl |
|
| 700 | 1 |
_aKrajčovičová, Ľubica, _d1953- _4trl |
|
| 700 | 1 |
_aRoháčik, Tibor, _d1955- _4trl |
|
| 700 | 1 |
_aImro, Igor, _d1943- _4bkd |
|
| 700 | 1 |
_aHurňák, Andrej _4bkd |
|
| 700 | 1 |
_aDvořák, A. _4bkd |
|
| 700 | 1 |
_aKlimpl, B. _4bkd |
|
| 700 | 1 |
_aKováč, Dobroslav, _d1961- _4bkd |
|
| 700 | 1 |
_aRichter, M. _4bkd |
|
| 700 | 1 |
_aSus, J. _4bkd |
|
| 942 |
_2ddc _cOLDO _n0 |
||
| 949 |
_617A0020533 _9P60, <04>, [BOOK], {604} _asnkSC 77215 D1 |
||
| 949 |
_617A0965817 _asnkSC 77215 |
||
| 949 |
_64710708446 _astrmkH 634 _bstrmk2008/8446 |
||
| 999 |
_c20277 _d20277 |
||